| 000 | 00420nam a2200145Ia 4500 | ||
|---|---|---|---|
| 008 | 230312s9999||||xx |||||||||||||| ||und|| | ||
| 020 | _a81-317-0802-6 | ||
| 082 |
_a621.382 _bHUB-E |
||
| 100 | _aHubert;Charles,L | ||
| 245 | 0 | _aElectrical Machines:Theory,Operations,Applications,Adjestment and Control | |
| 260 |
_bPearson _aIndia _c2015 |
||
| 300 | _a604 | ||
| 650 |
_aEngineering _vElectrical Engineering |
||
| 942 | _cBK | ||
| 999 |
_c10587 _d10587 |
||